ՀՀ Գիտությունների ազգային ակադեմիայի հիմնարար գիտական գրադարան  =   Fundamental Scientific Library of NAS RA

Reclams Liedführer / (Record no. 532448)

MARC details
000 -LEADER
fixed length control field 00680nam a2200241 a 4500
001 - CONTROL NUMBER
control field 2004497
003 - CONTROL NUMBER IDENTIFIER
control field AM-YEHGA
005 - DATE AND TIME OF LATEST TRANSACTION
control field 20250617164947.0
008 - FIXED-LENGTH DATA ELEMENTS--GENERAL INFORMATION
fixed length control field 241211s1993 gw g||||||||||||||0|ger|d
020 ## - INTERNATIONAL STANDARD BOOK NUMBER
International Standard Book Number 3150102154
040 ## - CATALOGING SOURCE
Original cataloging agency AM-YeHGA
041 0# - LANGUAGE CODE
Language code of text/sound track or separate title ger
090 ## - LOCALLY ASSIGNED LC-TYPE CALL NUMBER (OCLC); LOCAL CALL NUMBER (RLIN)
-- 571357
100 1# - MAIN ENTRY--PERSONAL NAME
Personal name Oehlmann, Werner
245 10 - TITLE STATEMENT
Title Reclams Liedführer /
Statement of responsibility, etc. Von Werner Oehlmann.
250 ## - EDITION STATEMENT
Edition statement Vierte, durchgesehene Aufl.
260 ## - PUBLICATION, DISTRIBUTION, ETC.
Place of publication, distribution, etc. Stuttgart :
Name of publisher, distributor, etc. Philipp Reclam,
Date of publication, distribution, etc. 1993.
300 ## - PHYSICAL DESCRIPTION
Extent 1024 p. :
Other physical details 470 examples of sheet music
440 ## - SERIES STATEMENT/ADDED ENTRY--TITLE
Title Universal-Bibliothek ;
Volume/sequential designation Nr. 10215
504 ## - BIBLIOGRAPHY, ETC. NOTE
Bibliography, etc. note Bibliography: p. 921-923.
650 14 - SUBJECT ADDED ENTRY--TOPICAL TERM
Topical term or geographic name entry element Songs
General subdivision History and criticism
942 ## - ADDED ENTRY ELEMENTS (KOHA)
Source of classification or shelving scheme Universal Decimal Classification
Koha item type Գրքեր / Books
Holdings
Withdrawn status Lost status Damaged status Not for loan Collection Home library Current library Date acquired Total checkouts Full call number Barcode Date last seen Price effective from Koha item type Public note
        General Fundamental Scientific Library Fundamental Scientific Library 11/12/2024   И I/20745 FL0687884 11/12/2024 11/12/2024 Գրքեր / Books 30 Days Loan


ՀՀ ԳԱԱ հիմնարար գիտական գրադարան
ՀՀ,Երևան 0019
Մարշալ Բաղրամյան 24/6
հեռախոս:(374-10) 52-47-50
Հետադարձ կապ

All site content, except where otherwise noted, is licensed under a
Creative Commons License